Black Ops 3 Zombies Maps - Statistics

General Stats
  • This quiz has been taken 119 times
  • The average score is 12 of 14
Answer Stats
Picture Answer % Correct
Moon
95%
Origins
92%
Kino Der Toten
91%
Shadows of Evil
91%
The Giant
90%
Revelations
88%
Der Eisendrache
83%
Shi No Numa
83%
Gorod Krovi
81%
Shangri-La
78%
Ascension
77%
Verrückt
77%
Nacht der Untoten
74%
Zetsubou No Shima
68%
No matching quizzes found
Score Distribution
Percent of People with Each Score
Percentile by Number Answered
Your Score History
You have not taken this quiz